| 000 | 00665cam a22002293a 4500 | ||
|---|---|---|---|
| 001 | 16389782 | ||
| 003 | PILC | ||
| 005 | 20150824081415.0 | ||
| 008 | 980205s1979 xxu 000 1 eng | ||
| 010 | _a 97821339 | ||
| 020 | _a0425041859 | ||
| 035 | _a(DLC) 97821339 | ||
| 040 |
_aDLC _cDLC _dDLC |
||
| 050 | 0 | 0 |
_aHN 65 _b.Si561 1979 |
| 100 | 1 | _aSimon, William E. | |
| 245 | 1 | 2 |
_aA Time for truth / _cWilliam E. Simon. |
| 260 |
_aNew York : _bBerkley Books, _c1979. |
||
| 300 |
_a280 pages ; _c18 cm. |
||
| 710 | 2 |
_aCopyright Paperback Collection (Library of Congress) _5DLC |
|
| 906 |
_a7 _bcbc _corignew _d2 _encip _f19 _gy-genrareb |
||
| 942 |
_2lcc _cBK _kFOR |
||
| 999 |
_c288433 _d288433 |
||